[Event "San Francisco TNM Litowsky op"]
[Site "San Francisco"]
[Date "2011.09.13"]
[Round "7"]
[White "Rakonitz, David"]
[Black "Clark, Thomas"]
[Result "1-0"]
[WhiteElo "1477"]
[BlackElo "1305"]
[PlyCount "63"]
[EventDate "2011.08.02"]
[EventType "swiss"]
[EventRounds "9"]
[EventCountry "USA"]
[SourceTitle "EXT 2016"]
[Source "ChessBase"]
[SourceDate "2015.10.08"]
[SourceVersion "1"]
[SourceVersionDate "2015.10.08"]
[SourceQuality "1"]

1. d4 Nf6 2. Nf3 e6 3. c4 c5 4. dxc5 Nc6 5. Nc3 Bxc5 6. e3 0-0 7. Bd3 Nb4 8. Be2 a6 9. a3 Nc6 10. b4 Ba7 11. c5 b5 12. Bb2 Bb8 13. Qc2 d5 14. cxd6 Bxd6 15. Rd1 Qc7 16. Ne4 Nxe4 17. Qxe4 Bb7 18. Ng5 g6 19. Qh4 Rfd8 20. Qxh7+ Kf8 21. Qg7+ Ke8 22. Qg8+ Bf8 23. 0-0 Rxd1 24. Rxd1 Rd8 25. Rxd8+ Nxd8 26. Bg7 Qc1+ 27. Bf1 Bxg2 28. Kxg2 Qc6+ 29. Kg1 Qd6 30. Nh7 Qd1 31. Nf6+ Ke7 32. Qxf8# 1-0

[Event "San Francisco TNM Summer op"]
[Site "San Francisco"]
[Date "2011.06.14"]
[Round "4"]
[White "Clark, Thomas"]
[Black "Nelson, Christopher"]
[Result "0-1"]
[WhiteElo "1206"]
[BlackElo "1525"]
[PlyCount "48"]
[EventDate "2011.05.24"]
[EventType "swiss"]
[EventRounds "8"]
[EventCountry "USA"]
[SourceTitle "EXT 2016"]
[Source "ChessBase"]
[SourceDate "2015.10.08"]
[SourceVersion "1"]
[SourceVersionDate "2015.10.08"]
[SourceQuality "1"]

1. d4 f5 2. e4 fxe4 3. Nc3 Nf6 4. Bg5 d5 5. Bxf6 exf6 6. Qh5+ g6 7. Qxd5 Qxd5 8. Nxd5 Kd8 9. Nxf6 Bg7 10. Nxe4 Re8 11. f3 Bf5 12. 0-0-0 Bxe4 13. fxe4 Rxe4 14. d5 Nd7 15. Nf3 Nc5 16. Ng5 Bh6 17. h4 Rxh4 18. Kb1 Rxh1 19. Nf7+ Ke7 20. Nxh6 Rxh6 21. Bc4 Ne4 22. Kc1 Kd6 23. Bb5 Rf8 24. c4 Rf2 0-1

[Event "San Francisco TNM Summer op"]
[Site "San Francisco"]
[Date "2011.05.31"]
[Round "2"]
[White "Clark, Thomas"]
[Black "Sherwood, Peter"]
[Result "0-1"]
[WhiteElo "1206"]
[BlackElo "1826"]
[PlyCount "104"]
[EventDate "2011.05.24"]
[EventType "swiss"]
[EventRounds "8"]
[EventCountry "USA"]
[SourceTitle "EXT 2016"]
[Source "ChessBase"]
[SourceDate "2015.10.08"]
[SourceVersion "1"]
[SourceVersionDate "2015.10.08"]
[SourceQuality "1"]

1. e4 c5 2. Ne2 Nc6 3. d4 cxd4 4. Nxd4 e6 5. Be3 Nf6 6. f3 Be7 7. a3 0-0 8. Nb3 d5 9. Nc3 dxe4 10. Nxe4 Nxe4 11. fxe4 b6 12. Qd2 Bb7 13. 0-0-0 Qxd2+ 14. Nxd2 Ne5 15. Be2 Rac8 16. Bd4 Bf6 17. Bc3 Rc7 18. Rhf1 Rfc8 19. Kb1 Nd7 20. Nc4 Bxc3 21. bxc3 Ba6 22. Nxb6 Rb8 23. Kc1 Rxb6 24. c4 Rcb7 25. c3 Rb1+ 26. Kc2 R1b2+ 27. Kd3 Kf8 28. Bf3 Ne5+ 29. Ke3 Bxc4 30. Rd8+ Ke7 31. Rfd1 Rd7 32. R8xd7+ Nxd7 33. Kd4 Be2 34. Bxe2 Rxe2 35. c4 Kd6 36. Kc3+ Kc6 37. Rd4 Nc5 38. Kb4 Rxe4 39. Rd8 a5+ 40. Kc3 g6 41. Rc8+ Kb6 42. Rb8+ Kc7 43. Rb5 Nb7 44. Kd3 f5 45. h3 Kc6 46. g4 e5 47. g5 Rd4+ 48. Kc3 Rxc4+ 49. Kxc4 Nd6+ 50. Kb3 Nxb5 51. a4 Nd6 52. Kc3 Kc5 0-1

[Event "San Francisco TNM Spring op"]
[Site "San Francisco"]
[Date "2011.04.26"]
[Round "7"]
[White "Clark, Thomas"]
[Black "Otterbach, Renate"]
[Result "1-0"]
[WhiteElo "1101"]
[BlackElo "838"]
[PlyCount "71"]
[EventDate "2011.03.15"]
[EventType "swiss"]
[EventRounds "8"]
[EventCountry "USA"]
[SourceTitle "EXT 2012"]
[Source "ChessBase"]
[SourceDate "2011.11.24"]
[SourceVersion "1"]
[SourceVersionDate "2011.11.24"]
[SourceQuality "1"]

1. d4 d5 2. c4 c6 3. Nc3 Nf6 4. Bf4 e6 5. e3 Nbd7 6. Bd3 Bb4 7. Nge2 Qe7 8. c5 e5 9. Bg5 h6 10. Bh4 g5 11. Bg3 Nh5 12. 0-0 Nxg3 13. Nxg3 Nf6 14. Bf5 Be6 15. dxe5 Nd7 16. a3 Bxc5 17. b4 Bb6 18. Na4 Bc7 19. f4 0-0-0 20. Rc1 f6 21. Qd4 Kb8 22. exf6 Qf7 23. Nc5 Bb6 24. Bxe6 Qxe6 25. Nxe6 Bxd4 26. exd4 Rde8 27. Nc5 Nxf6 28. fxg5 h5 29. Rxf6 h4 30. Nf5 Rhg8 31. g6 Re2 32. g7 Ra2 33. Rf8+ Kc7 34. Rxg8 Kb6 35. Rb8 Kb5 36. Rxb7# 1-0

[Event "San Francisco TNM Winter op"]
[Site "San Francisco"]
[Date "2011.02.08"]
[Round "6"]
[White "Clark, Thomas"]
[Black "Hilliard, Michael"]
[Result "0-1"]
[WhiteElo "977"]
[BlackElo "1527"]
[PlyCount "100"]
[EventDate "2011.01.04"]
[EventType "swiss"]
[EventRounds "8"]
[EventCountry "USA"]
[SourceTitle "EXT 2012"]
[Source "ChessBase"]
[SourceDate "2011.11.24"]
[SourceVersion "1"]
[SourceVersionDate "2011.11.24"]
[SourceQuality "1"]

1. e4 c6 2. d4 d5 3. e5 Bf5 4. c3 e6 5. Nd2 c5 6. g4 Bg6 7. Ne2 Nc6 8. Nf4 cxd4 9. Nxg6 hxg6 10. cxd4 Nxd4 11. Nb3 Nc6 12. Bf4 Bb4+ 13. Nd2 f6 14. Bb5 Nge7 15. Qc2 Qa5 16. Bxc6+ bxc6 17. 0-0 Qc7 18. Nf3 Kf7 19. Rac1 Rac8 20. Qa4 Qb7 21. a3 a5 22. axb4 axb4 23. exf6 gxf6 24. Bd6 Rh3 25. Kg2 Rch8 26. Bxb4 Qb8 27. Rh1 Qf4 28. Rc3 Qxg4+ 29. Kf1 Rxf3 30. Rg1 Qh3+ 31. Rg2 Rxc3 32. Bxc3 Qd3+ 33. Ke1 Rh5 34. Qf4 Qf5 35. Qe3 Rg5 36. Rg3 Rxg3 37. hxg3 Qe4 38. Kd2 Qxe3+ 39. Kxe3 e5 40. Bb4 d4+ 41. Ke4 Nd5 42. Bc5 Ke6 43. f4 f5+ 44. Kf3 e4+ 45. Ke2 d3+ 46. Kd2 Nf6 47. Bf2 Kd5 48. Kc3 c5 49. Be1 c4 50. Kb4 e3 0-1

[Event "San Francisco TNM Winter op"]
[Site "San Francisco"]
[Date "2011.02.01"]
[Round "5"]
[White "Morgan, Jerry"]
[Black "Clark, Thomas"]
[Result "1/2-1/2"]
[WhiteElo "1507"]
[BlackElo "977"]
[PlyCount "55"]
[EventDate "2011.01.04"]
[EventType "swiss"]
[EventRounds "8"]
[EventCountry "USA"]
[SourceTitle "EXT 2012"]
[Source "ChessBase"]
[SourceDate "2011.11.24"]
[SourceVersion "1"]
[SourceVersionDate "2011.11.24"]
[SourceQuality "1"]

1. f4 b6 2. e4 Bb7 3. d3 e6 4. c3 Be7 5. Nf3 d6 6. Qc2 Nd7 7. Be3 Ndf6 8. Nbd2 Ng4 9. Bg1 h5 10. 0-0-0 Qd7 11. h3 N4h6 12. g4 f5 13. g5 Nf7 14. Nh4 0-0-0 15. Bg2 e5 16. Nxf5 exf4 17. h4 Bf8 18. Bh3 Ne5 19. Nxd6+ Bxd6 20. Bxd7+ Rxd7 21. Rf1 Ne7 22. Rxf4 Nxd3+ 23. Kb1 Bxf4 24. Bd4 Ne5 25. Rf1 Bg3 26. Bxe5 Bxe5 27. Rf7 Rhd8 28. Qc1 1/2-1/2